[Event "Vesterhav"]
[Site "Esbjerg"]
[Date "2008.07.13"]
[Round "5"]
[White "Poulsen, Iver"]
[Black "Kallenbach, Uffe"]
[Result "1-0"]
[WhiteElo "2147"]
[BlackElo "1591"]
[PlyCount "39"]
[EventDate "2008.07.11"]
[EventType "swiss"]
[EventRounds "10"]
[EventCountry "DEN"]
[Source "ChessBase"]
[SourceDate "2008.09.01"]

1. e4 c5 2. Nf3 e6 3. d4 cxd4 4. Nxd4 Nf6 5. Nc3 d6 6. Be3 Nbd7 7. f3 a6 8. g4
Ne5 9. g5 Nfd7 10. f4 Nc6 11. Qd2 Nxd4 12. Bxd4 e5 13. Be3 exf4 14. Bxf4 Be7
15. O-O-O Ne5 16. h4 Bg4 17. Be2 Nf3 18. Qe3 Ne5 19. Bxe5 Bxe2 20. Qxe2 1-0

[Event "Vesterhav"]
[Site "Esbjerg"]
[Date "2008.07.13"]
[Round "5"]
[White "Rasmussen, Karsten"]
[Black "Spirin, Oleg"]
[Result "1-0"]
[WhiteElo "2458"]
[BlackElo "2446"]
[PlyCount "89"]
[EventDate "2008.07.11"]
[EventType "swiss"]
[EventRounds "10"]
[EventCountry "DEN"]
[Source "ChessBase"]
[SourceDate "2008.09.01"]

1. Nf3 c5 2. c4 Nf6 3. Nc3 e6 4. e3 Be7 5. d4 cxd4 6. exd4 d5 7. cxd5 Nxd5 8.
Bc4 Nxc3 9. bxc3 O-O 10. O-O Nc6 11. Qe2 b6 12. h4 Bb7 13. Ng5 Bxg5 14. Bxg5
Qd6 15. Qg4 Kh8 16. Rfe1 Rac8 17. Bf4 Qd8 18. Bd3 Ne7 19. Rac1 Nf5 20. Be5 f6
21. Bf4 Qd7 22. h5 Rfe8 23. a3 b5 24. Rxe6 Qxe6 25. Bxf5 Qd5 26. h6 gxh6 27.
Bxc8 Rxc8 28. Qh3 Rg8 29. Bg3 Qe4 30. Kh2 h5 31. f3 Qg6 32. Re1 Re8 33. Rxe8+
Qxe8 34. Qf5 Kg7 35. Bh4 Qc6 36. Qxh5 a6 37. Qg4+ Kf7 38. Qf4 Kg7 39. d5 Qxc3
40. Qg4+ Kf8 41. d6 Qe5+ 42. Bg3 Qg5 43. Qh3 Qg6 44. d7 Ke7 45. Bc7 1-0

[Event "Vesterhav"]
[Site "Esbjerg"]
[Date "2008.07.13"]
[Round "5"]
[White "Sande Caceres, Cipriano"]
[Black "Prohl, Frank"]
[Result "1/2-1/2"]
[WhiteElo "1792"]
[BlackElo "1226"]
[PlyCount "110"]
[EventDate "2008.07.11"]
[EventType "swiss"]
[EventRounds "10"]
[EventCountry "DEN"]
[Source "ChessBase"]
[SourceDate "2008.09.01"]

1. c4 Nf6 2. Nc3 e5 3. g3 c6 4. Bg2 Bb4 5. Nf3 d6 6. a3 Ba5 7. b4 Bb6 8. e3 O-O
9. Qc2 h6 10. Bb2 Be6 11. Na4 Nbd7 12. d4 exd4 13. Nxd4 Bxd4 14. Bxd4 Re8 15.
O-O d5 16. c5 g6 17. f3 Bf5 18. Qc3 g5 19. g4 Bg6 20. Rae1 Re6 21. Nb2 a5 22.
Nd1 axb4 23. axb4 Ra2 24. Rf2 Rxf2 25. Nxf2 Qe7 26. h3 h5 27. Ra1 Qf8 28. Ra7
Qb8 29. Qa3 Re8 30. Ra5 h4 31. Qc1 Qg3 32. b5 Ne5 33. Qd1 Nc4 34. Nh1 Qb8 35.
Ra2 Nxe3 36. Bxe3 Rxe3 37. Qa1 Kg7 38. b6 Qe5 39. Qxe5 Rxe5 40. Kf2 d4 41. Bf1
Rxc5 42. Ra7 Rc2+ 43. Ke1 Nd5 44. Rxb7 Rb2 45. Nf2 Rxb6 46. Rxb6 Nxb6 47. Kd2
c5 48. Bd3 Bxd3 49. Kxd3 Kg6 50. Ne4 Nd7 51. Nd6 Kf6 52. Ne4+ Kg6 53. Nd2 f5
54. Kc4 fxg4 55. fxg4 Kf6 1/2-1/2

[Event "Vesterhav"]
[Site "Esbjerg"]
[Date "2008.07.13"]
[Round "5"]
[White "Seegert, Kristian"]
[Black "Bach, Matthias"]
[Result "1/2-1/2"]
[WhiteElo "2024"]
[BlackElo "2272"]
[PlyCount "51"]
[EventDate "2008.07.11"]
[EventType "swiss"]
[EventRounds "10"]
[EventCountry "DEN"]
[Source "ChessBase"]
[SourceDate "2008.09.01"]

1. e4 c5 2. Nc3 a6 3. Nf3 b5 4. d4 b4 5. Ne2 e6 6. Be3 Nf6 7. Ng3 Bb7 8. Bd3
Nc6 9. dxc5 Ng4 10. Bf4 Bxc5 11. O-O Qb6 12. Qe2 f6 13. h3 Nge5 14. Nxe5 fxe5
15. Be3 O-O 16. Bxc5 Qxc5 17. Qh5 Rf6 18. Kh2 Raf8 19. f4 g6 20. Qg5 h6 21.
Qxh6 exf4 22. Rxf4 Ne5 23. Raf1 Rxf4 24. Rxf4 Rxf4 25. Qxf4 Qd4 26. b3 1/2-1/2

[Event "Vesterhav"]
[Site "Esbjerg"]
[Date "2008.07.13"]
[Round "5"]
[White "Stubsgaard, Aske Lynge"]
[Black "Haslinger, Ewald"]
[Result "1-0"]
[WhiteElo "1061"]
[BlackElo "1711"]
[PlyCount "53"]
[EventDate "2008.07.11"]
[EventType "swiss"]
[EventRounds "10"]
[EventCountry "DEN"]
[Source "ChessBase"]
[SourceDate "2008.09.01"]

1. c4 Nf6 2. Nc3 g6 3. g3 Bg7 4. Bg2 d6 5. e3 O-O 6. Nge2 c5 7. O-O Nc6 8. f4
Bg4 9. a3 Qd7 10. Rb1 Na5 11. d3 Rac8 12. b4 cxb4 13. Rxb4 Nc6 14. Rb1 Ne8 15.
Bb2 Nc7 16. Qd2 Na6 17. Ne4 Nc5 18. Nf2 Bxe2 19. Qxe2 Rfe8 20. Bxg7 Kxg7 21. g4
e5 22. g5 exf4 23. Qb2+ Kg8 24. exf4 Rc7 25. Bh3 Qd8 26. Ng4 Ree7 27. Nh6+ 1-0

[Event "Vesterhav"]
[Site "Esbjerg"]
[Date "2008.07.13"]
[Round "5"]
[White "Svane, Henrik"]
[Black "Jensen, Torben Richard"]
[Result "1/2-1/2"]
[WhiteElo "2150"]
[BlackElo "1968"]
[PlyCount "87"]
[EventDate "2008.07.11"]
[EventType "swiss"]
[EventRounds "10"]
[EventCountry "DEN"]
[Source "ChessBase"]
[SourceDate "2008.09.01"]

1. d4 c5 2. d5 e5 3. e4 d6 4. Nf3 f5 5. Bb5+ Bd7 6. Bxd7+ Qxd7 7. Ng5 fxe4 8.
Nc3 Nf6 9. Ne6 Na6 10. Bg5 Nc7 11. Bxf6 gxf6 12. Nxe4 Ke7 13. Nxc7 Qxc7 14. Qf3
Bg7 15. Qg4 Kf8 16. Qe6 Qe7 17. Qxd6 b6 18. c4 f5 19. Qxe7+ Kxe7 20. Ng5 Bf6
21. Ne6 Kd6 22. Rb1 Rhg8 23. g3 h6 24. Ke2 Rac8 25. b4 cxb4 26. Rxb4 Rb8 27.
Rhb1 Rgc8 28. f3 b5 29. a4 a6 30. axb5 axb5 31. Rxb5 Rxb5 32. Rxb5 Rxc4 33. Kd3
Rc8 34. Rb6+ Kxd5 35. Nf4+ exf4 36. Rxf6 Ke5 37. Rxh6 fxg3 38. hxg3 Rg8 39. f4+
Kd5 40. Rh3 Ra8 41. Rh5 Ra3+ 42. Ke2 Ke4 43. Rg5 Ra2+ 44. Kd1 1/2-1/2

[Event "Vesterhav"]
[Site "Esbjerg"]
[Date "2008.07.13"]
[Round "5"]
[White "Voss, Janine"]
[Black "Madsen, Tobias Juul"]
[Result "0-1"]
[WhiteElo "1832"]
[BlackElo "1608"]
[PlyCount "68"]
[EventDate "2008.07.11"]
[EventType "swiss"]
[EventRounds "10"]
[EventCountry "DEN"]
[Source "ChessBase"]
[SourceDate "2008.09.01"]

1. e4 e5 2. Nf3 Nc6 3. d4 exd4 4. Nxd4 Bc5 5. Be3 Bb6 6. Bc4 Nf6 7. Nc3 Nxd4 8.
Bxd4 Bxd4 9. Qxd4 d6 10. O-O-O O-O 11. e5 Ne8 12. Rhe1 a6 13. h3 b5 14. Bd5 Rb8
15. g4 b4 16. Ne4 a5 17. Bc6 Rb6 18. Ba4 Bb7 19. Bb3 Bxe4 20. Rxe4 Qa8 21. e6
fxe6 22. Rxe6 Kh8 23. Ba4 Nf6 24. Re7 c5 25. Qc4 Qc8 26. Rde1 d5 27. Qd3 c4 28.
Qd4 b3 29. Qxb6 bxa2 30. Kd2 c3+ 31. bxc3 Ne4+ 32. R1xe4 dxe4 33. Qe3 Rd8+ 34.
Ke2 Qc4+ 0-1

[Event "Vesterhav"]
[Site "Esbjerg"]
[Date "2008.07.13"]
[Round "5"]
[White "Zyde, Fadmal"]
[Black "Porsgaard, Per Lykke"]
[Result "1-0"]
[WhiteElo "1659"]
[BlackElo "1248"]
[PlyCount "117"]
[EventDate "2008.07.11"]
[EventType "swiss"]
[EventRounds "10"]
[EventCountry "DEN"]
[Source "ChessBase"]
[SourceDate "2008.09.01"]

1. e4 c5 2. Nf3 g6 3. Bc4 Nc6 4. Nc3 Bg7 5. a3 d6 6. d3 Nf6 7. Bd2 Bg4 8. h3
Bxf3 9. Qxf3 Ne5 10. Bb5+ Nfd7 11. Qe2 O-O 12. f4 Nc6 13. Bxc6 bxc6 14. Rb1 a5
15. O-O Qb6 16. Na4 Qc7 17. Bc3 e5 18. f5 Qa7 19. Kh1 Nf6 20. b3 Nh5 21. Qg4
Nf4 22. Bd2 h5 23. Qg5 f6 24. Qh4 g5 25. Qf2 Kf7 26. Kh2 h4 27. Nb2 d5 28. Bxf4
exf4 29. Qf3 Rh8 30. exd5 Qc7 31. Nc4 Rae8 32. d6 Qd7 33. Rbe1 Bf8 34. Rxe8
Kxe8 35. Nxa5 Bxd6 36. Qxc6 f3+ 37. Kg1 fxg2 38. Qxd7+ Kxd7 39. Kxg2 Re8 40.
Kf3 Bf4 41. Nc4 Kc6 42. Rf2 Re1 43. Rg2 Rh1 44. Kg4 Kb5 45. a4+ Kb4 46. Nb6 Be5
47. Nd5+ Ka5 48. Ne3 Bf4 49. Nc4+ Kb4 50. a5 Ra1 51. Re2 Rg1+ 52. Kh5 Rg3 53.
a6 Rg1 54. a7 Ra1 55. Nb6 Rxa7 56. Nd5+ Ka3 57. Nxf4 gxf4 58. Kxh4 Rg7 59. Rf2
1-0

[Event "Vesterhav"]
[Site "Esbjerg"]
[Date "2008.07.14"]
[Round "6"]
[White "Andersen, Daniel"]
[Black "Stubsgaard, Aske Lynge"]
[Result "1-0"]
[WhiteElo "1969"]
[BlackElo "1061"]
[PlyCount "57"]
[EventDate "2008.07.11"]
[EventType "swiss"]
[EventRounds "10"]
[EventCountry "DEN"]
[Source "ChessBase"]
[SourceDate "2008.09.01"]

1. c4 e5 2. Nc3 Nc6 3. Nf3 g6 4. d4 exd4 5. Nxd4 Bg7 6. Nxc6 bxc6 7. e4 Ne7 8.
Be3 O-O 9. Bd4 Re8 10. Bxg7 Kxg7 11. Qd4+ Kg8 12. g4 d6 13. Be2 Bb7 14. O-O-O
Nc8 15. h4 h6 16. Qd2 Kg7 17. f4 c5 18. Bd3 Rb8 19. Rdf1 Rf8 20. Rh3 Qe7 21.
Rfh1 Nb6 22. Re3 Nd7 23. Ne2 Rbe8 24. Ng3 Kg8 25. Re2 Bc8 26. h5 g5 27. Nf5 Qf6
28. fxg5 Qxg5 29. Nxh6+ 1-0

[Event "Vesterhav"]
[Site "Esbjerg"]
[Date "2008.07.14"]
[Round "6"]
[White "Andreasen, Per"]
[Black "Madsen, Egon Rysgaard"]
[Result "0-1"]
[WhiteElo "1771"]
[BlackElo "1677"]
[PlyCount "60"]
[EventDate "2008.07.11"]
[EventType "swiss"]
[EventRounds "10"]
[EventCountry "DEN"]
[Source "ChessBase"]
[SourceDate "2008.09.01"]

1. d4 d5 2. Nf3 e6 3. e3 Nf6 4. Bd3 Nbd7 5. Nbd2 c5 6. c3 Be7 7. O-O O-O 8. Re1
b6 9. Qe2 Bb7 10. e4 dxe4 11. Nxe4 Nxe4 12. Bxe4 Bxe4 13. Qxe4 Nf6 14. Qh4 cxd4
15. Nxd4 Rc8 16. Qg3 Kh8 17. Be3 Nd5 18. Bd2 Bf6 19. Nf3 Qd7 20. Rad1 Qb5 21.
Bc1 Rcd8 22. Nd4 Qc4 23. Nb3 Qc6 24. Bg5 h6 25. Bxf6 Nxf6 26. Qe3 Rd5 27. Rxd5
Qxd5 28. f3 Rd8 29. Qd4 Rd7 30. Rd1 Qc6 0-1

[Event "Vesterhav"]
[Site "Esbjerg"]
[Date "2008.07.14"]
[Round "6"]
[White "Ashwin, Jayaram"]
[Black "Hoiberg, Nina"]
[Result "1-0"]
[WhiteElo "2436"]
[BlackElo "2211"]
[PlyCount "69"]
[EventDate "2008.07.11"]
[EventType "swiss"]
[EventRounds "10"]
[EventCountry "DEN"]
[Source "ChessBase"]
[SourceDate "2008.09.01"]

1. d4 d6 2. e4 Nf6 3. Nc3 c6 4. f4 Qa5 5. e5 Ne4 6. Qf3 Nxc3 7. Bd2 Qd5 8. Qxc3
dxe5 9. fxe5 Bf5 10. Nf3 e6 11. Bd3 Na6 12. Bxf5 exf5 13. Qd3 g6 14. O-O O-O-O
15. Bg5 Rd7 16. Bf6 Rg8 17. c4 Qa5 18. Qe2 Nc7 19. Kh1 Be7 20. Bxe7 Rxe7 21. a3
Rd8 22. b4 Qb6 23. Qc2 Kb8 24. c5 Qa6 25. a4 Ne6 26. b5 Qa5 27. Qb2 Ka8 28.
Rfc1 Nc7 29. Nd2 cxb5 30. axb5 Qxb5 31. Qa3 Na6 32. c6 Qb4 33. cxb7+ Rxb7 34.
Qxa6 Qxd2 35. Rab1 1-0

[Event "Vesterhav"]
[Site "Esbjerg"]
[Date "2008.07.14"]
[Round "6"]
[White "Bonnelykke, Ole"]
[Black "Jensen, Leif Haugaard"]
[Result "1/2-1/2"]
[WhiteElo "2148"]
[BlackElo "2010"]
[PlyCount "68"]
[EventDate "2008.07.11"]
[EventType "swiss"]
[EventRounds "10"]
[EventCountry "DEN"]
[Source "ChessBase"]
[SourceDate "2008.09.01"]

1. e4 e6 2. Nc3 d5 3. d3 dxe4 4. Nxe4 Nd7 5. g3 Ngf6 6. Bg2 Be7 7. Be3 O-O 8.
h3 c6 9. Qd2 Nd5 10. Ne2 Nxe3 11. fxe3 Nf6 12. O-O-O Qb6 13. Nxf6+ Bxf6 14. d4
e5 15. g4 Be6 16. Kb1 Rfe8 17. Ng3 Rad8 18. Ne4 Be7 19. c3 exd4 20. exd4 c5 21.
Qf2 cxd4 22. Rxd4 Rxd4 23. Qxd4 Qa6 24. b3 Rd8 25. Qe3 Rd3 26. Qe2 Rxh3 27.
Qxa6 Rxh1+ 28. Bxh1 bxa6 29. Bf3 f5 30. gxf5 Bxf5 31. Kb2 Bxe4 32. Bxe4 g6 33.
b4 Kf7 34. Kb3 a5 1/2-1/2

[Event "Vesterhav"]
[Site "Esbjerg"]
[Date "2008.07.14"]
[Round "6"]
[White "Christensen, Michael"]
[Black "Nielsen, Thomas (1994)"]
[Result "0-1"]
[WhiteElo "1509"]
[BlackElo "1084"]
[PlyCount "60"]
[EventDate "2008.07.11"]
[EventType "swiss"]
[EventRounds "10"]
[EventCountry "DEN"]
[Source "ChessBase"]
[SourceDate "2008.09.01"]

1. e4 e5 2. f4 d6 3. Nf3 Nf6 4. Nc3 Nc6 5. Bc4 Be6 6. Bxe6 fxe6 7. fxe5 Nxe5 8.
Nxe5 dxe5 9. d3 Bc5 10. Bg5 h6 11. Bxf6 gxf6 12. Qh5+ Kd7 13. Rf1 Be7 14. O-O-O
Qe8 15. Qxe8+ Raxe8 16. d4 exd4 17. Rxd4+ Kc8 18. Rc4 a6 19. a3 Rd8 20. Ne2
Rhg8 21. g3 Rg5 22. Nd4 b5 23. Rc6 Rxd4 24. Rxe6 Re5 25. Rxa6 Rexe4 26. c3 Rd6
27. Rxd6 cxd6 28. Rf5 Re5 29. Rf4 f5 30. c4 Bg5 0-1

[Event "Vesterhav"]
[Site "Esbjerg"]
[Date "2008.07.14"]
[Round "6"]
[White "Christensen, Svend Ib"]
[Black "Mortensen, Henrik"]
[Result "0-1"]
[WhiteElo "1531"]
[BlackElo "2019"]
[PlyCount "130"]
[EventDate "2008.07.11"]
[EventType "swiss"]
[EventRounds "10"]
[EventCountry "DEN"]
[Source "ChessBase"]
[SourceDate "2008.09.01"]

1. d4 Nc6 2. Nf3 d6 3. Bf4 g6 4. e3 Bg7 5. c3 Nh6 6. h3 O-O 7. Bc4 Kh8 8. Bh2
Qe8 9. O-O e5 10. dxe5 dxe5 11. Nbd2 f5 12. Re1 Qe7 13. Qe2 g5 14. Bg3 Bd7 15.
Bb5 Rae8 16. Kh1 Bf6 17. Ng1 Qg7 18. Qf1 a6 19. Be2 f4 20. exf4 exf4 21. Bh2
Nf5 22. Bh5 Rxe1 23. Rxe1 Nd6 24. Bg4 Bxg4 25. hxg4 Ne5 26. f3 b5 27. Qe2 Ndc4
28. Nxc4 Nxc4 29. Nh3 Nxb2 30. Bg1 Bxc3 31. Rc1 Bf6 32. Bc5 Rd8 33. Nf2 Na4 34.
Bb4 Bd4 35. Nh3 c5 36. Ba5 Rf8 37. Qe6 Qf6 38. Qd5 h6 39. Ng1 Re8 40. Qd7 Qe6
41. Qb7 b4 42. Bxb4 cxb4 43. Qxb4 Bb2 44. Rd1 Qxa2 45. Rd6 Bg7 46. Rxa6 Qc2 47.
Qxa4 Qxa4 48. Rxa4 Re1 49. Ra8+ Kh7 50. Ra7 Kg6 51. Ra6+ Bf6 52. Kh2 Kf7 53.
Nh3 Rf1 54. Ng1 Bd4 55. Ne2 Bf2 56. Ra4 Re1 57. Ra2 Be3 58. g3 Rf1 59. gxf4
Rf2+ 60. Kh1 gxf4 61. Ng1 Rf1 62. Rg2 Kf6 63. Kh2 Bxg1+ 64. Rxg1 Rxf3 65. Rg2
Kg5 0-1

[Event "Vesterhav"]
[Site "Esbjerg"]
[Date "2008.07.14"]
[Round "6"]
[White "Dyrgaard, Kristoffer"]
[Black "Jensby, Morten"]
[Result "1-0"]
[WhiteElo "2173"]
[BlackElo "2021"]
[PlyCount "81"]
[EventDate "2008.07.11"]
[EventType "swiss"]
[EventRounds "10"]
[EventCountry "DEN"]
[Source "ChessBase"]
[SourceDate "2008.09.01"]

1. e4 c5 2. Nc3 Nc6 3. Nf3 Nf6 4. d4 cxd4 5. Nxd4 e5 6. Ndb5 d6 7. Bg5 a6 8.
Na3 b5 9. Bxf6 gxf6 10. Nd5 f5 11. c3 Bg7 12. exf5 Bxf5 13. Nc2 O-O 14. Nce3
Be6 15. Bd3 f5 16. O-O e4 17. Nf4 Bc8 18. Bxb5 Ne5 19. Qd5+ Kh8 20. Qxa8 Qh4
21. Be2 Qxf4 22. Qa7 Rg8 23. Qe7 Qh6 24. f4 exf3 25. Rxf3 Nxf3+ 26. Bxf3 Bf6
27. Qa7 Rg7 28. Qb6 Qf4 29. Rf1 Be5 30. Qd8+ Rg8 31. Qxg8+ Kxg8 32. Bd5+ Kg7
33. Rxf4 Bxf4 34. Nc4 Kf6 35. g3 Be5 36. Kf2 f4 37. a4 h6 38. a5 Kf5 39. Kf3
fxg3 40. hxg3 Kf6 41. Nb6 1-0

[Event "Vesterhav"]
[Site "Esbjerg"]
[Date "2008.07.14"]
[Round "6"]
[White "Fogh, Jens Olaf Svanholm"]
[Black "Carlstedt, Jonathan"]
[Result "0-1"]
[WhiteElo "2032"]
[BlackElo "2203"]
[PlyCount "138"]
[EventDate "2008.07.11"]
[EventType "swiss"]
[EventRounds "10"]
[EventCountry "DEN"]
[Source "ChessBase"]
[SourceDate "2008.09.01"]

1. Nf3 c5 2. e3 g6 3. d4 Bg7 4. c4 Nf6 5. Nc3 cxd4 6. exd4 O-O 7. g3 d5 8. c5
Nc6 9. Bg2 Ne4 10. O-O Bg4 11. h3 Bxf3 12. Bxf3 Nxd4 13. Nxe4 dxe4 14. Bxe4 Qc7
15. Rb1 Rfd8 16. Qe1 Qxc5 17. Bxb7 Rab8 18. Bg2 Qc2 19. Be3 e5 20. Qa5 Rd7 21.
b4 Qc7 22. Qxc7 Rxc7 23. Kh2 Bf8 24. Rfd1 Nc2 25. Rdc1 Rbc8 26. Bd2 Nd4 27.
Rxc7 Rxc7 28. Rb2 f5 29. a4 e4 30. b5 Bg7 31. Ra2 Be5 32. Be3 Kf7 33. Bf1 Ke6
34. Kg2 Kd5 35. a5 Rb7 36. a6 Rb6 37. Bxd4 Bxd4 38. Rc2 Rb8 39. Rc7 Bb6 40. Rc6
Rd8 41. h4 Ke5 42. Rc2 h6 43. Be2 g5 44. hxg5 hxg5 45. g4 f4 46. f3 exf3+ 47.
Bxf3 Rd3 48. Re2+ Kd4 49. Re6 Ra3 50. Re4+ Kd3 51. Re2 Be3 52. Kf1 Rb3 53. Re1
Rb2 54. Rd1+ Bd2 55. Kf2 Kc2 56. Ke2 Kc3 57. Kf1 Rxb5 58. Be2 Ra5 59. Kg2 Kc2
60. Rh1 Ra3 61. Rh7 Rg3+ 62. Kh2 Be3 63. Rd7 Bb6 64. Rd5 Re3 65. Bf1 Re1 66.
Bg2 Bg1+ 67. Kh1 Kc3 68. Rxg5 f3 69. Bh3 Be3+ 0-1

[Event "Vesterhav"]
[Site "Esbjerg"]
[Date "2008.07.14"]
[Round "6"]
[White "Fries Nielsen, Jens Ove"]
[Black "Helledie, Anders"]
[Result "1-0"]
[WhiteElo "2397"]
[BlackElo "2223"]
[PlyCount "53"]
[EventDate "2008.07.11"]
[EventType "swiss"]
[EventRounds "10"]
[EventCountry "DEN"]
[Source "ChessBase"]
[SourceDate "2008.09.01"]

1. Nf3 Nf6 2. e3 d6 3. b4 g6 4. Bb2 Bg7 5. Be2 O-O 6. O-O e5 7. d3 Nc6 8. b5
Ne7 9. c4 Nd7 10. Nc3 f5 11. a4 h6 12. Nd5 g5 13. Nd2 Ng6 14. a5 Nf6 15. Bf3
Rb8 16. a6 g4 17. Nxf6+ Bxf6 18. Bd5+ Kg7 19. axb7 Bxb7 20. Bxb7 Rxb7 21. Ra6
Ne7 22. Nb3 Qb8 23. e4 c6 24. exf5 cxb5 25. c5 Qc8 26. cxd6 Nxf5 27. Qxg4+ 1-0

[Event "Vesterhav"]
[Site "Esbjerg"]
[Date "2008.07.14"]
[Round "6"]
[White "Hagen, Andreas Skytte"]
[Black "Seegert, Kristian"]
[Result "1/2-1/2"]
[WhiteElo "2288"]
[BlackElo "2024"]
[PlyCount "89"]
[EventDate "2008.07.11"]
[EventType "swiss"]
[EventRounds "10"]
[EventCountry "DEN"]
[Source "ChessBase"]
[SourceDate "2008.09.01"]

1. Nf3 Nf6 2. c4 g6 3. Nc3 Bg7 4. e4 d6 5. d4 O-O 6. Be2 e5 7. dxe5 dxe5 8.
Qxd8 Rxd8 9. Bg5 c6 10. Nxe5 Re8 11. O-O-O Nxe4 12. Nxe4 Bxe5 13. f4 Bf5 14.
fxe5 Bxe4 15. Bf3 Bf5 16. g4 Be6 17. b3 Nd7 18. Bf6 Nxf6 19. exf6 Rad8 20. h4
Rd7 21. Kb2 h6 22. Kc3 Red8 23. Rxd7 Rxd7 24. Rd1 Rxd1 25. Bxd1 Kf8 26. Kd4 Ke8
27. g5 hxg5 28. hxg5 Kd7 29. b4 b6 30. a3 Kc7 31. Be2 Kd6 32. c5+ bxc5+ 33.
bxc5+ Kc7 34. Bf3 Ba2 35. Ke5 Bb3 36. Bg4 Ba2 37. Kd4 Bd5 38. Kc3 a5 39. Bh3
Ba2 40. Kb2 Bd5 41. Bg4 Bc4 42. Bd1 Bd5 43. Kc3 Be6 44. Bc2 Bd5 45. Kd4 1/2-1/2

[Event "Vesterhav"]
[Site "Esbjerg"]
[Date "2008.07.14"]
[Round "6"]
[White "Hansen, Erik Hedegaard"]
[Black "Nielsen, Aage Sondergaard"]
[Result "1-0"]
[WhiteElo "1818"]
[BlackElo "1938"]
[PlyCount "67"]
[EventDate "2008.07.11"]
[EventType "swiss"]
[EventRounds "10"]
[EventCountry "DEN"]
[Source "ChessBase"]
[SourceDate "2008.09.01"]

1. d4 f5 2. c4 Nf6 3. Nc3 g6 4. e4 fxe4 5. f3 e3 6. Bxe3 Bg7 7. Bd3 Nc6 8. Nge2
O-O 9. O-O d6 10. f4 Ng4 11. Qd2 Nb4 12. Bb1 c6 13. a3 Na6 14. Bc2 Bd7 15. h3
Nxe3 16. Qxe3 Nc7 17. Rae1 b5 18. cxb5 cxb5 19. d5 Rf7 20. Kh1 a5 21. Bb3 b4
22. axb4 axb4 23. Ne4 Bxb2 24. Ng5 Rg7 25. Rb1 Bf6 26. Nd4 Bxg5 27. fxg5 Ra3
28. Qe4 Ra5 29. Rb2 Kh8 30. Rbf2 Rg8 31. Rf7 e5 32. dxe6 Re5 33. Qh4 h5 34.
Rxd7 1-0

[Event "Vesterhav"]
[Site "Esbjerg"]
[Date "2008.07.14"]
[Round "6"]
[White "Hansen, Ib Lynaes"]
[Black "Straarup, Eigil"]
[Result "1-0"]
[WhiteElo "1926"]
[BlackElo "1998"]
[PlyCount "71"]
[EventDate "2008.07.11"]
[EventType "swiss"]
[EventRounds "10"]
[EventCountry "DEN"]
[Source "ChessBase"]
[SourceDate "2008.09.01"]

1. e4 e5 2. Nf3 Nf6 3. Nxe5 d6 4. Nf3 Nxe4 5. d4 d5 6. Nbd2 Bg4 7. Be2 Nc6 8.
c3 Be7 9. O-O O-O 10. Nxe4 dxe4 11. Nd2 Bxe2 12. Qxe2 f5 13. f3 exf3 14. Nxf3
f4 15. Qe6+ Kh8 16. d5 Bc5+ 17. Kh1 Ne7 18. Ng5 Qe8 19. Bxf4 Qh5 20. Qe4 Rae8
21. Rae1 Ng6 22. Qxe8 Rxe8 23. Rxe8+ Nf8 24. Rfe1 h6 25. Nf3 g5 26. d6 Bxd6 27.
Bxd6 cxd6 28. Rxf8+ Kg7 29. Rf5 Qg6 30. Nd4 Qh5 31. Ref1 Qg4 32. Rf7+ Kg6 33.
R7f6+ Kh5 34. Nf5 Qc4 35. Ng7+ Kg4 36. h3+ 1-0

[Event "Vesterhav"]
[Site "Esbjerg"]
[Date "2008.07.14"]
[Round "6"]
[White "Hansen, Rene Rauer"]
[Black "Skaanning Pedersen, Kim Henrik"]
[Result "1/2-1/2"]
[WhiteElo "2001"]
[BlackElo "2173"]
[PlyCount "38"]
[EventDate "2008.07.11"]
[EventType "swiss"]
[EventRounds "10"]
[EventCountry "DEN"]
[Source "ChessBase"]
[SourceDate "2008.09.01"]

1. e4 c5 2. Nf3 g6 3. d4 cxd4 4. Nxd4 Nf6 5. Nc3 d6 6. Be2 Bg7 7. Be3 Nc6 8.
O-O O-O 9. Kh1 d5 10. Nxc6 bxc6 11. e5 Nd7 12. f4 e6 13. Na4 Qe7 14. c3 a5 15.
Re1 Ba6 16. Bxa6 Rxa6 17. Qe2 Raa8 18. Qf2 Rfb8 19. Rad1 Bf8 1/2-1/2

[Event "Vesterhav"]
[Site "Esbjerg"]
[Date "2008.07.14"]
[Round "6"]
[White "Hasbo, Mikkel"]
[Black "Sande Caceres, Cipriano"]
[Result "0-1"]
[WhiteElo "1485"]
[BlackElo "1792"]
[PlyCount "112"]
[EventDate "2008.07.11"]
[EventType "swiss"]
[EventRounds "10"]
[EventCountry "DEN"]
[Source "ChessBase"]
[SourceDate "2008.09.01"]

1. e4 c5 2. f4 Nc6 3. Nf3 Nf6 4. Nc3 d6 5. Bc4 e6 6. O-O Be7 7. d3 O-O 8. Qe1
a6 9. a3 b5 10. Ba2 Qb6 11. Be3 Ng4 12. b4 Nxe3 13. Qxe3 Nd4 14. Nxd4 cxd4 15.
Qf2 Qa7 16. Ne2 Bd8 17. Kh1 Bb6 18. Qh4 Qc7 19. Rac1 Bb7 20. Qg4 a5 21. Bb3
axb4 22. axb4 Ra3 23. Ng3 Kh8 24. Nh5 f5 25. Qg5 d5 26. e5 Qf7 27. Ng3 Bd8 28.
Qh5 Qxh5 29. Nxh5 Be7 30. Ng3 Bxb4 31. Ne2 Bc3 32. Rf3 Rfa8 33. Nxc3 dxc3 34.
Rff1 Kg8 35. h4 Kf7 36. d4 R3a7 37. Rf3 b4 38. Kh2 h5 39. Rff1 Ra3 40. Rb1 Bc6
41. Rfc1 Rb8 42. Ra1 Rxa1 43. Rxa1 Ra8 44. Rxa8 Bxa8 45. Ba4 Ke7 46. Kg1 Bb7
47. Kf1 Ba6+ 48. Ke1 Bc8 49. Kd1 Bd7 50. Bb3 Kd8 51. Kc1 Kc7 52. Kb1 Kb6 53.
Ka2 Bb5 54. g3 Bc4 55. Bxc4 dxc4 56. Kb1 Kc6 0-1

[Event "Vesterhav"]
[Site "Esbjerg"]
[Date "2008.07.14"]
[Round "6"]
[White "Hoffmann, Tobias Breinholt"]
[Black "Holm, Sejer"]
[Result "0-1"]
[WhiteElo "2034"]
[BlackElo "2240"]
[PlyCount "115"]
[EventDate "2008.07.11"]
[EventType "swiss"]
[EventRounds "10"]
[EventCountry "DEN"]
[Source "ChessBase"]
[SourceDate "2008.09.01"]

1. e4 e6 2. d3 c5 3. g3 g6 4. Bg2 Bg7 5. Nc3 Nc6 6. f4 d6 7. Nf3 Nge7 8. O-O
Rb8 9. Ne2 Nd4 10. c3 Nxf3+ 11. Rxf3 Bd7 12. Be3 Bc6 13. Qc2 b5 14. d4 c4 15.
g4 f5 16. gxf5 exf5 17. Rf2 fxe4 18. Bxe4 Bxe4 19. Qxe4 d5 20. Qc2 Nf5 21. Ng3
O-O 22. Re2 Qd7 23. Nxf5 Rxf5 24. Bf2 Rbf8 25. Rae1 Rxf4 26. Bg3 Rf3 27. Re7
Qh3 28. Qg2 Qxg2+ 29. Kxg2 R3f7 30. R1e2 Rxe7 31. Rxe7 Rf7 32. Re8+ Bf8 33. Bd6
Rf6 34. Be5 Rb6 35. a3 Kf7 36. Rd8 Be7 37. Ra8 a6 38. Rh8 h5 39. Rh7+ Ke8 40.
Rh8+ Kd7 41. Rg8 Re6 42. Rg7 Kc6 43. Bf4 Kb6 44. Kf3 Ka5 45. Rg8 Bd6 46. Rd8
Bxf4 47. Kxf4 Re2 48. Rxd5 Rxh2 49. Rg5 Rf2+ 50. Ke3 Rxb2 51. d5 Rc2 52. Kd4
Rd2+ 53. Kc5 h4 54. Rxg6 h3 55. a4 h2 56. axb5 Rxd5+ 57. Kxc4 axb5+ 58. Kxd5
0-1

[Event "Vesterhav"]
[Site "Esbjerg"]
[Date "2008.07.14"]
[Round "6"]
[White "Iljushin, Alexei"]
[Black "Zozulia, Anna"]
[Result "1-0"]
[WhiteElo "2546"]
[BlackElo "2346"]
[PlyCount "65"]
[EventDate "2008.07.11"]
[EventType "swiss"]
[EventRounds "10"]
[EventCountry "DEN"]
[Source "ChessBase"]
[SourceDate "2008.09.01"]

1. d4 Nf6 2. c4 e6 3. g3 Nc6 4. Bg2 d6 5. Nc3 g6 6. e4 Bg7 7. Nf3 O-O 8. O-O a6
9. Re1 Rb8 10. a4 Re8 11. Bf4 Bd7 12. e5 Nh5 13. Bg5 f6 14. exf6 Bxf6 15. Ne4
Bxg5 16. Nexg5 Qf6 17. Ra3 h6 18. Ne4 Qg7 19. Bh3 Rf8 20. Rae3 Rbe8 21. d5 Nd8
22. dxe6 Bxe6 23. Nxd6 cxd6 24. Bxe6+ Nxe6 25. Rxe6 Rxe6 26. Rxe6 Qf7 27. Re3
Qxc4 28. Qxd6 Nf6 29. Ne5 Qc2 30. Rf3 Qb1+ 31. Kg2 Qe4 32. Kh3 Nh7 33. Qe6+ 1-0